| 000 | 02180nam a2200601 i 4500 | ||
|---|---|---|---|
| 001 | 33339 | ||
| 003 | KOSZ 005 | ||
| 005 | 20240405063100.0 | ||
| 008 | 221031s1996 pl a f 000 0 pol | ||
| 015 | _aUWD 1996/4058 | ||
| 020 | _a8320810108 | ||
| 035 | _a991003979509705066 | ||
| 035 | _a(PL-WaBN)b11058924-48omnis_nlop | ||
| 035 | _ab11058924 | ||
| 035 | _a(OCoLC)69637423 | ||
| 035 | _azz2004992620 | ||
| 035 | _a(PL)b0000001105892 | ||
| 035 | _a(EXLNZ-48OMNIS_NETWORK)9910164187105606 | ||
| 040 |
_aWA N _cWA N _dKOSZ 005/RW |
||
| 046 | _k1996 | ||
| 080 | _a913(47+57) | ||
| 080 | _a33(47+57) | ||
| 080 | _a(075.8) | ||
| 245 | 0 | 0 |
_aGeografia gospodarcza Rosji / _cAndrzej Maryański [et al.]. |
| 250 | _aWydanie I. | ||
| 260 |
_aWarszawa : _bPaństwowe Wydawnictwo Ekonomiczne, _c1996. |
||
| 300 |
_a247, [1] stron : _bmapy, plany, wykresy ; _c24 cm. |
||
| 336 |
_aTekst _btxt _2rdacontent |
||
| 337 |
_aBez urządzenia pośredniczącego _bn _2rdamedia |
||
| 338 |
_aWolumin _bnc _2rdacarrier |
||
| 380 | _aKsiążki | ||
| 380 | _aPublikacje dydaktyczne | ||
| 385 |
_mPoziom nauczania _aSzkoły wyższe |
||
| 388 | 1 | _a1901-2000 | |
| 388 | 1 | _a1989-2000 | |
| 504 | _aBibliografia na stronach [246]-247. | ||
| 521 | 8 | _aKsiążka jest adresowana przede wszystkim do studentów oraz wykładowców geografii i nauk ekonomicznych uczelni różnych typów, a także wszystkich zainteresowanych tą częścią świata. | |
| 648 | 7 | _a1901-2000 | |
| 648 | 7 | _a1989-2000 | |
| 650 | 7 | _aGeografia gospodarcza | |
| 651 | 7 |
_aRosja _2DBN |
|
| 655 | 7 |
_aPodręczniki akademickie _2DBN |
|
| 658 | _aGeografia i nauki o Ziemi | ||
| 658 | _aGospodarka, ekonomia, finanse | ||
| 700 | 1 |
_aMaryański, Andrzej _d(1924-1995) _eAutor |
|
| 700 | 1 |
_aMróz, Grażyna _d(1949- ) _eAutor |
|
| 700 | 1 |
_aSzot, Zygmunt _d(1937- ) _eAutor |
|
| 700 | 1 |
_aTroc, Marek _d(1941-2015) _eAutor |
|
| 710 | 2 |
_aPolskie Wydawnictwo Ekonomiczne _4pbl |
|
| 856 |
_uhttp://koha.tu.koszalin.pl/cgi-bin/koha/opac-detail.pl?biblionumber=33339 _yKatalog online BPK |
||
| 942 |
_2UKD _cKS |
||
| 999 |
_c33339 _d33339 |
||